000 00949nas a2200313 4500
001 BR0003295
003 BR-BrBNA
005 20231205101929.0
007 ta
008 230509b bl.|||p| |||| 00| 00por d
040 _aBR-BrBNA
_bpor
_cBiblioteca Nacional de Agricultura
041 _a(Pt)
072 _aL10
100 1 _aValle, G.R.
100 1 _aSilva Filho, J.M.
100 1 _aPalhares, M.S.
100 1 _aMelo, M.A.
100 1 _aMagnago, L.G.P.
245 1 _aUtilizacao de um conteiner modelo Celle modificado para resfriamento e transporte de semen equino
650 _aEquino
650 _aSemen
650 _aResfriamento
650 _aEmbalagem
650 _aTransporte
650 _aInseminacao Artificial
773 0 _tArquivo Brasileiro de Medicina Veterinaria e Zootecnia (Brazil)
_xISSN 0102-0935
_g(Oct 1999), v. 51(5) p. 505-514
_wBR0003295
909 _a202311
_bLúcia
_c55
_dLúcia Elande
942 _2AGRIS
_n0
_cANA
999 _c164778
_d164778